Sikh responses to the demand for Pakistan, 1940-1947 /
محفوظ في:
| المؤلف الرئيسي: | |
|---|---|
| التنسيق: | أطروحة كتاب |
| اللغة: | English |
| منشور في: |
1989.
|
| الموضوعات: | |
| الوسوم: |
إضافة وسم
لا توجد وسوم, كن أول من يضع وسما على هذه التسجيلة!
|
| LEADER | 00786cam a2200241 a 4500 | ||
|---|---|---|---|
| 001 | u95227 | ||
| 003 | SIRSI | ||
| 008 | 910711s1989 si v 00 1 eng m | ||
| 035 | |a AAK-4028 | ||
| 040 | |a UMM | ||
| 043 | |a a-ii--- | ||
| 090 | |a DS432 |b S5Tan | ||
| 100 | 1 | 0 | |a Tan, Tai Yong. |
| 245 | 1 | 0 | |a Sikh responses to the demand for Pakistan, 1940-1947 / |c Tan Tai Yong. |
| 260 | 1 | |c 1989. | |
| 300 | |a xx, 261 p. ; |c 30 cm. | ||
| 502 | |a Dissertation (M.A.) -- National University of Singapore, 1989. | ||
| 504 | |a Bibliography: p. 250-261. | ||
| 650 | 0 | |a Sikhs |z India |x Politics and government. | |
| 651 | 0 | |a India |x Politics and government |y 1919-1947. | |
| 948 | |a 14/08/1991 |b 28/11/1998 | ||
| 596 | |a 1 | ||
| 999 | |a DS432 S5TAN |w LC |c 1 |i A505808273 |d 8/12/1998 |l STACKS |m P01UTAMA |n 1 |r Y |s Y |t TESIS |u 22/10/1991 | ||
